Largest Cities in Ireland - Statistics

General Stats
  • This quiz has been taken 20 times
  • The average score is 7 of 10
Answer Stats
Rank Name % Correct
1 Dublin
100%
3 Cork
93%
4 Derry
80%
2 Belfast
73%
6 Galway
73%
5 Limerick
73%
8 Waterford
67%
10 Dundalk
47%
7 Craigavon
33%
9 Drogheda
33%
No matching quizzes found
Score Distribution
Percent of People with Each Score
Percentile by Number Answered
Your Score History
You have not taken this quiz